Dispute avoidance (Record no. 109204)
[ view plain ]
| 000 -LEADER | |
|---|---|
| fixed length control field | 01925cam a22002535a 4500 |
| 001 - CONTROL NUMBER | |
| control field | L146504 |
| 008 - FIXED-LENGTH DATA ELEMENTS--GENERAL INFORMATION | |
| fixed length control field | 090127s2008 xxkad f 001 0 eng d |
| 020 ## - INTERNATIONAL STANDARD BOOK NUMBER | |
| International Standard Book Number | 9781859462973 |
| 035 ## - SYSTEM CONTROL NUMBER | |
| System control number | (Sirsi) u146504 |
| 041 0# - LANGUAGE CODE | |
| Language code of text/sound track or separate title | eng |
| 100 1# - MAIN ENTRY--PERSONAL NAME | |
| Personal name | Morgan, Bryan D. |
| 245 00 - TITLE STATEMENT | |
| Title | Dispute avoidance |
| Remainder of title | a non-confrontational approach to the management of construction contracts |
| 260 ## - PUBLICATION, DISTRIBUTION, ETC. | |
| Place of publication, distribution, etc. | London |
| Name of publisher, distributor, etc. | RIBA Publishing |
| Date of publication, distribution, etc. | 2008 |
| 300 ## - PHYSICAL DESCRIPTION | |
| Extent | viii, 159p. |
| Other physical details | ill. |
| Dimensions | 25cm. |
| 350 ## - PRICE (NR) (BK AM CF MU VM SE) [OBSOLETE] | |
| Price | 30 |
| 505 2# - FORMATTED CONTENTS NOTE | |
| Formatted contents note | Introduction to dispute management -- The nature of disputes -- Potential sources of dispute -- Dispute avoidance techniques -- Dispute management |
| 520 ## - SUMMARY, ETC. | |
| Summary, etc. | Provides a practical management primer for construction professionals in how to avoid and manage construction contract disputes in a non-confrontational way. Argues that running complex, high-value construction projects is demanding even when things run smoothly. Disputes are therefore unwelcome and can be exponentially damaging without due attention, so it pays to minimise the possibilities of them occurring in the first place, and failing this, use strategies to manage them effectively. Helps property professionals do this by identifying the types, causes and nature of disputes, and then offering a toolkit of simple management techniques to avoid costly alternative dispute resolution, arbitration or litigation procedures. The toolkit ranges from technical advice about contracts and good record keeping through to communication skills and managing expectations. Concludes by looking at what to do once a dispute exists, describing a range of techniques from dispute mapping and analytical problem-solving through to framing, negotiation and de-escalation. |
| 521 20 - TARGET AUDIENCE NOTE | |
| Target audience note | Advanced |
| 590 ## - LOCAL NOTE (RLIN) | |
| Local note | KA |
| 651 #4 - SUBJECT ADDED ENTRY--GEOGRAPHIC NAME | |
| Geographic name | International |
| 690 ## - LOCAL SUBJECT ADDED ENTRY--TOPICAL TERM (OCLC, RLIN) | |
| Topical term or geographic name as entry element | MANAGEMENT-DISPUTE AVOIDANCE, MANAGEMENT AND RESOLUTION-DISPUTE MANAGEMENT AND RESOLUTION |
| 942 ## - ADDED ENTRY ELEMENTS (KOHA) | |
| Suppress in OPAC | 0 |
| Withdrawn status | Lost status | Source of classification or shelving scheme | Damaged status | Not for loan | Home library | Current library | Shelving location | Date acquired | Cost, normal purchase price | Total Checkouts | Full call number | Barcode | Date last seen | Date last checked out | Copy number | Cost, replacement price | Price effective from | Koha item type |
|---|---|---|---|---|---|---|---|---|---|---|---|---|---|---|---|---|---|---|
| Dewey Decimal Classification | London | London | Books | 12/02/2009 | 30.00 | 9 | 347.4207 MOR | 30079647 | 06/08/2019 | 23/12/2009 | 1 | 30.00 | 06/08/2019 | Book |